000 00380 a2200133 4500
005 20250628164302.0
020 _a0-321-28726-6
082 _a332 MIS.
100 _aMISHKIN, S. F.
245 _aThe Economics Of Money, Banking, And Financial Markets,
260 _aNew York,
_bPeason Printice Hall,
_c2007.
300 _axli.; 657p.; Ill.; picture,
_bIndex,
_c27cm.
942 _2ddc
_cBKS
999 _c6120
_d6120